La vida en México en el siglo XX : La última década del siglo veinte /

שמור ב:
מידע ביבליוגרפי
מחבר ראשי: Trujillo Bolio, Iván (idea original), (producción ejecutiva)
מחברים אחרים: Carrasco Zanini, Eduardo (realización) (realización), Carrasco Zanini, Eduardo (guión) (guión), Salgado, Marco Antonio (investigación) (investigación), Castillo, Ernesto (montaje) (montaje), Novelo, Juan Carlos (música) (música), Aguirre Castillo, Margarita (conducción) (conducción), Hernández Levi, Enzo Renato (conducción) (conducción), Carrasco Zanini, Eduardo (conducción) (conducción)
פורמט: שקופית
שפה:ספרדית
יצא לאור: México : UNAM, 2000, c2000
México : Eurolatinoamericana [distribución], 2005, c2005
סדרה:(Clásicos del Documental)
(La Vida en México en el Siglo XX ; 10)
נושאים:
תגים: הוספת תג
אין תגיות, היה/י הראשונ/ה לתייג את הרשומה!

MARC

LEADER 00000ngm^a2200000^a^4500
001 000186964
005 20250521000000.0
009 20260310102244.033
037 |a Acervo ITESO - Biblioteca 
041 |a ESP 
082 |a 972. 06  |b DIE V. 10 
100 |a Trujillo Bolio, Iván  |e (idea original) 
100 |a Trujillo Bolio, Iván  |e (producción ejecutiva) 
240 1 4 |a [La última década del siglo veinte] 
240 1 4 |a [La vida en México en el siglo XX] 
245 1 3 |a La vida en México en el siglo XX :  |b La última década del siglo veinte /  |c Prod. ejecutiva de I. Trujillo Bolio ; realización de E. Carrasco Zanini. 
264 4 |a México :  |b UNAM,  |c 2000, c2000 
264 4 |a México :  |b Eurolatinoamericana [distribución],  |c 2005, c2005 
300 |a 1 DVD sin dato de región  |c (57 min.) 
336 |a imagen móvil bidimensional  |b tdi  |2 rdacontenido 
337 |a video  |b v  |2 rdamedio 
338 |a videodisco  |b vd  |2 rdasoporte 
440 1 |a (Clásicos del Documental) 
440 4 |a (La Vida en México en el Siglo XX ;  |v 10) 
649 |a XX 
650 |a Documentales 
650 |a Cortometrajes y Mediometrajes Mexicanos 
650 |a Video -  |z México -  |y 2000-2009 
650 |a Video -  |z México -  |y Siglo XX 
650 |a Crisis Económica -  |z México -  |x Historia -  |y 1994-2000 
650 |a Elecciones -  |z México -  |x Historia -  |y 1994-2000 
650 |a Cambios Políticos -  |z México -  |x Historia -  |y 1994-2000 
650 |a Política -  |z México -  |x Historia -  |y 1994-2000 
650 |a Política -  |z México -  |x Historia -  |y Siglo XX 
650 |a México -  |x Condiciones Políticas 
650 |a Eclipses Solares -  |z México -  |x Historia 
650 |a Cambios Sociales y Culturales -  |z México -  |x Historia -  |y 1994-2000 
650 |a México -  |x Condiciones Sociales y Culturales 
650 |a México -  |x Historia -  |y 1994-2000 
650 |a México -  |x Historia -  |y 1990-1999 -  |x Tema Principal 
650 |a México -  |x Historia -  |y Siglo XX 
700 |a Carrasco Zanini, Eduardo  |e (realización) 
700 |a Carrasco Zanini, Eduardo  |e (guión) 
700 |a Salgado, Marco Antonio  |e (investigación) 
700 |a Castillo, Ernesto  |e (montaje) 
700 |a Novelo, Juan Carlos  |e (música) 
700 |a Aguirre Castillo, Margarita  |e (conducción) 
700 |a Hernández Levi, Enzo Renato  |e (conducción) 
700 |a Carrasco Zanini, Eduardo  |e (conducción) 
910 |a Fondo General 
920 |a Audiovisuales - DVDs 
940 |a Películas 
905 |a 302 
901 |a 0500123917  |b IT2  |c DVS  |u 20250521 
902 |a https://opac.biblio.iteso.mx/vufind/Record/000186964